Planificación de la construcción de vías de acceso y ampliación de la Estación El Alto
Guardado en:
| Autor principal: | |
|---|---|
| Formato: | Libro |
| Lenguaje: | Spanish |
| Publicado: |
[San José , Costa Rica]
1982
|
| Materias: | |
| Etiquetas: |
Agregar Etiqueta
Sin Etiquetas, Sea el primero en etiquetar este registro!
|
MARC
| LEADER | 00000nam a2200000Ia 4500 | ||
|---|---|---|---|
| 003 | 001243 | ||
| 005 | 20221231144422.0 | ||
| 008 | 140114s1982 c a m 000 ||spa d | ||
| 040 | |c cru CEDI | ||
| 090 | |a TFG 1268 | ||
| 100 | |a Bello González, Javier |9 15459 | ||
| 245 | |a Planificación de la construcción de vías de acceso y ampliación de la Estación El Alto | ||
| 260 | |c 1982 |a [San José , Costa Rica] | ||
| 300 | |a 128 hojas : ilustraciones (algunas plegables) ; 28 cm | ||
| 500 | |a Proyecto de graduación (ingeniero civil)--Universidad de Costa Rica. Facultad de Ingeniería. Escuela de Ingeniería Civil | ||
| 650 | |x CONSTRUCCION DE CARRETERAS |x CARRETERAS - COSTA RICA |9 15460 | ||
| 942 | |c TFG | ||
| 999 | |c 21607 |d 21607 | ||
